000 00677nam a2200217Ia 4500
005 20250508170044.0
008 008 250505s9999 xx 000 0 eng d
037 _aTextBook
040 _aFEDL
_beng
_cFEDL
041 _aeng
_2eng
084 _a378.54, RAJ/R
_qFEDL
100 _aRaj Kumar C
245 0 _aPresident of India and the governance of higher education institutions
260 _aGurgaon, India
_b Lexis Nexis
_c2016
300 _axvi, 152p.
365 _aINR
_b295
546 _aGifted by H O D Namita Ranganathan
700 _a Goyal Yugank Srivastava Anamika and others
_9782837
942 _cTB
_h378.54, RAJ/R
999 _c1398966
_d1398966